000 00816nam a2200229Ia 4500
001 9680
003 GE_BSU
008 181216s||||||||xx |||||||||||||| ||und||
040 _cGE_BSU
080 _a821.353.1–32
100 _aმერაბიშვილი,ელგუჯა
245 _aლანდი დედისა
245 _bმოთხრობები საშ.სასკ.ასაკის ბავშვ–ს
245 _cრედ. მიმოზა ახვლედიანი. მხატვ. დ. მამაცაშვილი
260 _aთბილისი
260 _bნაკადული
260 _c1984
300 _a157გვ.21სმ.
653 _aლანდი დედისა
653 _aმოთხრობები
942 _cBK
999 _c42963
_d42963